|
|
|
|
| LEADER |
00000nam0a2200000 4500 |
| 001 |
276786 |
| 005 |
20231101234944.0 |
| 020 |
|
|
|a RU
|b 85-103262
|
| 035 |
|
|
|a (RuTPU)RU\TPU\book\300059
|
| 090 |
|
|
|a 276786
|
| 100 |
|
|
|a 20141126d1985 km y0rusy5003 ca
|
| 101 |
0 |
|
|a rus
|
| 102 |
|
|
|a KZ
|
| 105 |
|
|
|a a z 001zy
|
| 200 |
1 |
|
|a Атлас (определитель) каменноугольной флоры Казахстана
|f М. И. Радченко
|g Академия наук Казахской ССР (АН КазССР), Институт геологических наук им. К. И. Сатпаева (ИГН)
|
| 210 |
|
|
|a Алма-Ата
|c Наука
|d 1985
|
| 215 |
|
|
|a 81 с.
|c ил.
|
| 320 |
|
|
|a Библиогр.: с. 64-68
|
| 606 |
1 |
|
|a Флора
|2 stltpush
|3 (RuTPU)RU\TPU\subj\64000
|9 80930
|
| 610 |
1 |
|
|a ископаемые растения
|
| 610 |
1 |
|
|a Казахстан
|
| 610 |
1 |
|
|a каменноугольная флора
|
| 610 |
1 |
|
|a карбон
|
| 610 |
1 |
|
|a растительные остатки
|
| 610 |
1 |
|
|a описание
|
| 610 |
1 |
|
|a атласы
|
| 675 |
|
|
|a 561
|z rus
|v 4
|
| 700 |
|
1 |
|a Радченко
|b М. И.
|g Маргарита Иосифовна
|4 070
|
| 712 |
0 |
2 |
|a Академия наук Казахской ССР (АН КазССР)
|b Институт геологических наук им. К. И. Сатпаева (ИГН)
|c (Алма-Ата)
|2 stltpush
|3 (RuTPU)RU\TPU\col\5163
|
| 801 |
|
0 |
|a RU
|b RuMRKP
|c 19950704
|g psbo
|
| 801 |
|
1 |
|a RU
|b 63413507
|c 20141126
|
| 801 |
|
2 |
|a RU
|b 63413507
|c 20181220
|g RCR
|
| 942 |
|
|
|c BK
|